000 01551nam a2200433 i 4500
001 016527425
003 EG-ScBUE
005 20241210102400.0
006 m||||f ||z 00| 0
008 131017t2014 enka f 001 0 eng d
020 _a9781292023298 (pbk.)
020 _z9781292011240 (Internet access card)
040 _aStDuBDS
_beng
_erda
_cStDuBDS
_dUk
_dEG-ScBUE
082 0 4 _a519.5024658
_222
_bMCC
100 1 _aMcClave, James T.,
_eauthor.
_937445
245 1 0 _aStatistics for business and economics /
_cJames T. McClave, P. George Benson, Terry Sincich.
250 _aTwelfth edition.
250 _aPearson new international edition.
264 1 _aHarlow, United Kingdom :
_bPearson Education Limited,
_c[2014]
264 4 _cc2014
300 _aii, 1010 pages :
_bcolor illustrations ;
_c28 cm +
_e1 CD
336 _2rdacontent
_atext
_btxt
336 _2rdacontent
_asounds
_bsnd
337 _aunmediated
_2rdamedia
_bn
337 _aaudio
_2rdamedia
_bs
338 _avolume
_bnc
_2rdacarrier
338 _acomputer disc
_bcd
_2rdacarrier
490 0 _aPearson custom library
490 0 _aAlways learning
500 _aPrevious edition : Upper Saddle River, N.J. : Pearson Education, 2011.
500 _aIncludes index.
650 7 _aCommercial statistics.
_2BUEsh
_9802
650 7 _aEconomics
_xStatistical methods.
_2BUEsh
_93258
653 _bBUSADM
_cFebruary2015
655 _vReading book
_934232
700 1 _aBenson, P. George,
_d1946-
_eauthor.
_937446
700 1 _aSincich, Terry,
_eBUEsh
_937447
942 _2ddc
_cBB
999 _c18994
_d18966